| 000 | 01926ngm a22004210a 4500 | ||
|---|---|---|---|
| 001 | PT39940 | ||
| 003 | AR-LpoUNG | ||
| 005 | 20210201235856.0 | ||
| 007 | vd cvaizq | ||
| 008 | 191001s2009||||ag |||||||||||||||||spa d | ||
| 037 | _c$2.65 | ||
| 040 |
_aAR-LpoUNG _bspa _cAR-LpoUNG _eaacr |
||
| 041 | _aspa | ||
| 044 | _aag | ||
| 082 | 0 | _a982.063 598mar | |
| 100 | 1 |
_aPico, carlos _edir. |
|
| 245 | 1 | 4 | _aLos marinos del pueblo |
| 260 |
_aBuenos Aires : _bMiradas al sur, _c2009. |
||
| 300 | _aDVD (54 min.) : son., col. | ||
| 505 | 0 | _aFecha de estreno: 30 de Abril de 2009. - Guión: Carlos Alberto Pico y Miguel Angel Curci. - Elenco: Aníbal Acosta, Fernando Aredes, Julio César Albornoz, Eduardo Berruet y Luis Hirsch. - Producción: Miguel Angel Curci, Carlos Alberto Pico y Julio César Urien. - Fotografía: Carlos Alberto Pico, Eva Curci. - Montaje: Carlos Alberto Pico y Miguel Angel Curci. - | |
| 520 | _aDocumental que relata los hechos ocurridos la noche del 16 de noviembre de 1972. Un grupo de oficiales y suboficiales de un batallón de infantería de marina de la Armada Argentina, comandados por el guardiamarina Julio César Urien, se sublevó y tomó la Escuela de Mecánica de la Armada en respaldo al General Perón que estaba volviendo al país, tras 18 años de exilio. El film intenta mostrar a través del testimonio de los protagonistas, qué motivó a estos jóvenes marinos a sublevarse contra sus pares y contra la institución que los había formado. | ||
| 650 | 4 | _aANALISIS HISTORICO | |
| 650 | 4 | _aARGENTINA | |
| 650 | 4 | _aDICTADURA | |
| 650 | 4 | _aFUERZAS ARMADAS | |
| 650 | 4 | _aGOBIERNO MILITAR | |
| 650 | 4 | _aHISTORIA | |
| 650 | 4 | _aPERSONAL MILITAR | |
| 651 | 4 | _aArgentina | |
| 653 | _aCINE ARGENTINO | ||
| 653 | _aDOCUMENTALES | ||
| 653 | _aDVD | ||
| 653 | _aPERONISMO | ||
| 653 | _aVIDEOS | ||
| 700 | 1 |
_aCursi, Miguel _edir. |
|
| 905 | _a39940 | ||
| 942 | _cDVD | ||
| 999 |
_c53666 _d53666 |
||